A text workbook on psychiatric and mental health nursing / (Record no. 7814)

MARC details
000 -LEADER
fixed length control field 00908nam a22002297a 4500
003 - CONTROL NUMBER IDENTIFIER
control field OSt
005 - DATE AND TIME OF LATEST TRANSACTION
control field 20260126072139.0
008 - FIXED-LENGTH DATA ELEMENTS--GENERAL INFORMATION
fixed length control field 260126b |||||||| |||| 00| 0 eng d
020 ## - INTERNATIONAL STANDARD BOOK NUMBER
International Standard Book Number 9789715133883
040 ## - CATALOGING SOURCE
Original cataloging agency DWCL - Main Lib.
Transcribing agency OCFil.
082 ## - DEWEY DECIMAL CLASSIFICATION NUMBER
Classification number Fil. 610.7368 R896t 2025
100 ## - MAIN ENTRY--PERSONAL NAME
Personal name Rubio, Rica Rose May A.
Relator term Author
245 ## - TITLE STATEMENT
Title A text workbook on psychiatric and mental health nursing /
Statement of responsibility, etc. Rica Rose May A. Rubio & Divine Grace M. Marumas
250 ## - EDITION STATEMENT
Edition statement First edition
260 ## - PUBLICATION, DISTRIBUTION, ETC.
Place of publication, distribution, etc. Quezon City, Philippines:
Name of publisher, distributor, etc. APD Educational Publishing House,
Date of publication, distribution, etc. c2025
300 ## - PHYSICAL DESCRIPTION
Extent xiii, 197 pages;
Dimensions 27 cm.
504 ## - BIBLIOGRAPHY, ETC. NOTE
Bibliography, etc. note Includes bibliographical references and glossary.
650 ## - SUBJECT ADDED ENTRY--TOPICAL TERM
Topical term or geographic name entry element 1. Psychiatry--Examinations, questions, etc.
650 ## - SUBJECT ADDED ENTRY--TOPICAL TERM
Topical term or geographic name entry element 2. Mental health services--Examinations, questions, etc.
700 ## - ADDED ENTRY--PERSONAL NAME
Personal name I. Marumas, Divine Grace M.
Relator term Author
942 ## - ADDED ENTRY ELEMENTS (KOHA)
Source of classification or shelving scheme Dewey Decimal Classification
Koha item type Book-Filipiniana
Edition First edition
Classification part Fil.
Suppress in OPAC No
952 ## - LOCATION AND ITEM INFORMATION (KOHA)
--
Holdings
Withdrawn status Lost status Source of classification or shelving scheme Damaged status Not for loan Home library Current library Shelving location Date acquired Source of acquisition Total Checkouts Full call number Barcode Date last seen Copy number Price effective from Koha item type Uniform Resource Identifier
    Dewey Decimal Classification     HM & Nursing Library HM & Nursing Library Filipiniana 10/02/2025 School Fund   Fil. 610.7368 R896t 2025 HMN54571 01/26/2026 c1 01/26/2026 BK - FIL